Chemical engineering at supercritical fluid conditions
Saved in:
| Main Authors: | , , , |
|---|---|
| Format: | Book |
| Language: | English |
| Published: |
Ann Arbor
Ann Arbor Science
1983
|
| Subjects: | |
| Tags: |
Add Tag
No Tags, Be the first to tag this record!
|
MARC
| LEADER | 00000nam a2200000 a 4500 | ||
|---|---|---|---|
| 001 | UCU7982 | ||
| 003 | CL-VaPUC | ||
| 008 | 960712e19830000us |||||||||||||||||eng|d | ||
| 082 | 0 | 4 | |a 660.284 |b PAU |2 21 |
| 100 | |a Paulaitis, Michael E. |e author |9 367146 | ||
| 700 | 0 | |a Penninger, Johan M. L |e author |9 367147 | |
| 700 | 0 | |a Gray, Ralph D |e author |9 367148 | |
| 700 | 0 | |a Davidson, Phillip |e author |9 367149 | |
| 245 | 1 | 0 | |a Chemical engineering at supercritical fluid conditions |
| 300 | |a 543 p | ||
| 942 | |c BK | ||
| 945 | |d 19960712 00:00:00 |a paguirre | ||
| 260 | |a Ann Arbor |b Ann Arbor Science |c 1983 | ||
| 650 | 0 | |a Tecnología química |9 263002 | |
| 650 | 0 | |a Estados de la Materia |9 347141 | |
| 650 | 0 | |a Líquidos |9 260946 | |
| 650 | 7 | |a EQUILIBRIOS QUIMICOS |2 CL-VaPUC |9 336637 | |
| 650 | 0 | |a Moléculas |9 259584 | |
| 583 | |a last modification |c 20150430 03:44:06 |k Rodrigo Vera | ||
| 999 | |c 250521 |d 250519 | ||
| 952 | |0 0 |1 0 |4 0 |6 660_284000000000000_PAU_1983 |7 0 |8 A |9 268674 |a BIBING |b BIBING |d 2019-11-19 |i 1705768 |o 660.284 PAU 1983 |p 1705768 |r 2025-01-20 |w 2019-11-19 |y BK |k EIQ | ||